Catalog

Record Details

Catalog Search



Yellowstone's birds : diversity and abundance in ... Read More

Available copies

  • 1 of 1 copy available at LARL/NWRL Consortium.
  • 1 of 1 copy available at Lake Agassiz Regional Library. (Show preferred library)

Current holds

0 current holds with 1 total copy.

Show Only Available Copies
Location Call Number / Copy Notes Barcode Shelving Location Status Due Date
Moorhead Public Library 598.0978 YEL (Text) 33500013914403 Main Available -

Record details

  • ISBN: 9780691217833
  • ISBN: 0691217831
  • Physical Description: 288 pages : color photographs ; 29 cm
  • Edition: First edition.
  • Publisher: Princeton : Princeton University Press, [2023]

Content descriptions

Bibliography, etc. Note:
Includes bibliographical references and index.
Summary, etc.:
"A beautifully illustrated, large-format study of ... Read More
"A beautifully illustrated survey of Yellowstone's ... Read More
Subject: Yellowstone National Park.
Birds > Yellowstone National Park.
Ornithology.
LDR 03541cam a22005658i 4500
001423765
003LARL_NWRL_CONSORTIUM
00520231227155736.0
008230307s2023 njuo b 001 0 eng
010 . ‡a 2023006916
040 . ‡aDLC ‡beng ‡erda ‡cDLC ‡dOCLCF ‡dBDX ‡dHSA ‡dOCLCO
020 . ‡a9780691217833 ‡q(hardback ; ‡qacid-free paper)
020 . ‡a0691217831
020 . ‡z9780691218731 ‡q(ebook)
035 . ‡a(OCoLC)1376194069
042 . ‡apcc
043 . ‡an-us-wy ‡an-us-mt ‡an-us-id
08200. ‡a598.09787/52 ‡223/eng/20230324
084 . ‡aNAT004000 ‡aTRV025120 ‡2bisacsh
24500. ‡aYellowstone's birds : ‡bdiversity and abundance in the world's first national park / ‡cedited by Douglas W. Smith, Lauren E. Walker, and Katharine E. Duffy ; with videos by Robert K. Landis.
250 . ‡aFirst edition.
264 1. ‡aPrinceton : ‡bPrinceton University Press, ‡c[2023]
300 . ‡a288 pages : ‡bcolor photographs ; ‡c29 cm
336 . ‡atext ‡btxt ‡2rdacontent
336 . ‡astill image ‡bsti ‡2rdacontent
337 . ‡aunmediated ‡bn ‡2rdamedia
338 . ‡avolume ‡bnc ‡2rdacarrier
504 . ‡aIncludes bibliographical references and index.
520 . ‡a"A beautifully illustrated, large-format study of Yellowstone's birdlife, written by a team of renowned Park ornithologists and wildlife biologists"-- ‡cProvided by publisher.
520 . ‡a"A beautifully illustrated survey of Yellowstone's breathtaking birdlife, written by a team of renowned ornithologists and wildlife biologists. Established in 1872, Yellowstone National Park is the oldest and arguably the most famous national park in North America, attracting millions of visitors each year. While many come to the park for its natural wonders and recreational activities, the wildlife of Yellowstone is just as alluring. This book brings together more than 30 leading experts to provide the first comprehensive survey of the natural history, science, and conservation of birds in the world's mother park. Covering most bird species breeding within the great park as well as the many migrants that pass through, Yellowstone's Birds is a scientific tour de force and an essential resource for visitors to Yellowstone and bird lovers everywhere.Tallies more than 200 species, including migrants. Describes the natural history, status, and latest science on the birds of Yellowstone. Features fact-filled, easy-to-read chapters, informative sidebar essays, maps, infographics, and photos that present current science in an easily understood way. Accompanied by a video by award-winning cinematographer Bob Landis, Yellowstone's birds draws on a wealth of data collected over many decades"-- ‡cProvided by publisher.
651 0. ‡aYellowstone National Park. ‡0(LARL_NWRL_CONSORTIUM)38178
650 0. ‡aBirds ‡zYellowstone National Park.
650 0. ‡aOrnithology. ‡0(LARL_NWRL_CONSORTIUM)27328
7001 . ‡aSmith, Douglas W., ‡d1960- ‡eeditor.
7001 . ‡aDuffy, Katy, ‡eeditor.
7001 . ‡aWalker, Lauren E., ‡eeditor.
905 . ‡uvanderl
901 . ‡a423765 ‡b ‡c423765 ‡tbiblio ‡soclc

Additional Resources